00520cam a22001331 4500082001500000100002500015245019600040250001400236260004500250300001900295526003700314650002700351650000800378 a370.1bMOH1 aRafiuddin, Muhammad.10aFirst principles of education;ban analysis of the natural and perfect development of the human personality as distinguished from the various forms of its unnatural and imperfect development. a[1st ed.] aKarachi,bIqbal Academy Pakistanc[1961] a308 p.c24 cm. a0b0c0d370_100000000000000_MOH 0aEducationxPhilosophy. 0aMCE